|
|
|
|
| LEADER |
01758nam a22003017a 4500 |
| 001 |
31864 |
| 003 |
BD-DhAAL |
| 005 |
20241103122015.0 |
| 008 |
170529s2017 bg a b 001 0 eng |
| 040 |
|
|
|a BD-DhAAL
|c BD-DhAAL
|
| 041 |
|
|
|a eng
|
| 082 |
0 |
0 |
|a 378.1554
|2 22
|
| 245 |
0 |
0 |
|a BRAC University :
|k annual report,
|f 2016.
|
| 246 |
|
|
|a BRAC University annual report 2016
|
| 260 |
|
|
|a Dhaka :
|b BRAC University,
|c 2017.
|
| 300 |
|
|
|a 166 pages :
|b illustrations (some colors) ;
|c 28 cm
|
| 541 |
|
|
|e 31864, 31865, 31866, 31867, 31868
|
| 650 |
|
0 |
|a Education, Higher.
|9 5588
|
| 650 |
|
0 |
|a University extension.
|9 5589
|
| 710 |
|
|
|a BRAC University
|9 5590
|
| 856 |
|
|
|z Full text available on BRAC University Institutional Repository
|u http://hdl.handle.net/10361/8182
|
| 942 |
|
|
|2 ddc
|c BK
|
| 999 |
|
|
|c 38169
|d 38169
|
| 952 |
|
|
|0 0
|1 4
|2 ddc
|4 0
|6 378_155400000000000_BRA
|7 0
|8 RPT
|9 60812
|a BRACUL
|b BRACUL
|c GEN
|d 2017-05-29
|e Complimentary copy
|l 0
|o 378.1554 BRA
|p 3010031864
|r 2017-05-29
|t 1
|w 2017-05-29
|y BK
|x Koha Inventory 2020
|
| 952 |
|
|
|0 0
|1 4
|2 ddc
|4 0
|6 378_155400000000000_BRA
|7 0
|8 RPT
|9 60813
|a BRACUL
|b BRACUL
|c GEN
|d 2017-05-29
|e Complimentary copy
|l 0
|o 378.1554 BRA
|p 3010031865
|r 2017-05-29
|t 2
|w 2017-05-29
|y BK
|x Koha Inventory 2020
|
| 952 |
|
|
|0 0
|1 0
|2 ddc
|4 0
|6 378_155400000000000_BRA
|7 0
|8 RPT
|9 60814
|a BRACUL
|b BRACUL
|c GEN
|d 2017-05-29
|e Complimentary copy
|l 0
|o 378.1554 BRA
|p 3010031866
|r 2017-05-29
|t 3
|w 2017-05-29
|y BK
|
| 952 |
|
|
|0 0
|1 0
|2 ddc
|4 0
|6 378_155400000000000_BRA
|7 0
|8 RPT
|9 60815
|a BRACUL
|b BRACUL
|c GEN
|d 2017-05-29
|e Complimentary copy
|l 0
|o 378.1554 BRA
|p 3010031867
|r 2017-05-29
|t 4
|w 2017-05-29
|y BK
|
| 952 |
|
|
|0 0
|1 0
|2 ddc
|4 0
|6 378_155400000000000_BRA
|7 0
|8 RPT
|9 60857
|a BRACUL
|b BRACUL
|c GEN
|d 2017-05-29
|e Complimentary copy
|l 1
|o 378.1554 BRA
|p 3010031891
|r 2017-10-21
|s 2017-10-07
|t 6
|w 2017-05-29
|y BK
|